000 01712nam0a2200337 4500
001 RU\NLR\bibl\1754530
005 20250616121643.0
010 _a978-5-8199-0047-5
_bФорум
010 _a978-5-16-000993-3
_bИНФРА-М
_92000
021 _aRU
_b2011-18283
_91294
035 _a(NLR Aleph) 001745372
090 _a1485326
_c1485326
100 _a20110404d2011 |||y0rusy50 ca
101 0 _arus
102 _aRU
105 _aa |||||||||
200 1 _aЭлектрооборудование автомобилей
_eучебное пособие для студентов учреждений среднего профессионального образования, обучающихся по специальности 1705 Техническое обслуживание и ремонт автомобильного транспорта
_fИ.С. Туревский, В.Б. Соков, Ю.Н. Калинин
210 _aМосква
_cФорум
_cИНФРА-М
_d2011
215 _a367 с.
_cил.
_d22
225 1 _aПрофессиональное образование
606 1 _aАвтомобили
_jУчебные издания для среднего профессионального образования
_xЭлектрооборудование
_92169905
_3RU\NLR\auth\661305360
686 _aО33-048.2я723-1
700 1 _aТуревский
_bИ. С.
_gИлья Семенович
_4070
701 1 _aСоков
_bВ. Б.
_gВладимир Борисович
_4070
701 1 _aКалинин
_bЮ. Н.
_gЮрий Николаевич
_4070
801 0 _aRU
_bNLR
_c20110404
_gRCR
801 1 _aRU
_bNLR
_c20110404
942 _cBOOK
980 _aNB
980 _aNBR